[Event "DEM U12/U12w 2013"]
[Site "Oberhof GER"]
[Date "2013.05.19"]
[Round "1"]
[White "Müller, Elias"]
[Black "Schulz, Theresa Charlotte"]
[Result "1-0"]
[Termination "normal"]
[Board "23"]
[WhiteElo "1674"]
[BlackElo "1306"]
[PlyCount "99"]
[WhiteFideId "12917133"]
[BlackFideId "12952206"]
[EventCountry "GER"]
[EventRounds "11"]
[EventType "swiss"]
[EventDate "2013.05.18"]

1. e4 c6 2. Nf3 d5 3. d3 Bg4 4. Nbd2 Nd7 5. g3 g6 6. Bg2 Bg7 7. O-O Ngf6 8. h3
dxe4 9. Nxe4 Bxf3 10. Bxf3 Qc7 11. Nxf6+ Bxf6 12. c3 g5 13. Bh5 Be5 14. Bxg5
Bxg3 15. Bxf7+ Kd8 16. Qe2 Bh2+ 17. Kh1 Ne5 18. Rae1 Nxf7 19. Bxe7+ Kc8 20.
Qe6+ Qd7 21. Kxh2 Qxe6 22. Rxe6 Kd7 23. Rfe1 Rae8 24. R6e3 Nh6 25. Bg5 Rxe3 26.
Rxe3 Nf5 27. Re5 Rf8 28. Re2 b5 29. b3 c5 30. Re5 b4 31. Rxc5 bxc3 32. Rxc3 Nd4
33. Be3 Nb5 34. Rc5 Rb8 35. Rh5 Rh8 36. Rxb5 Kc6 37. Ra5 Kb7 38. Rxa7+ Kc6 39.
Ra4 Rd8 40. Rd4 Ra8 41. a4 Rb8 42. b4 Ra8 43. Rc4+ Kb7 44. b5 Kb8 45. b6 h5 46.
Rb4 h4 47. b7 Rxa4 48. Bf4+ Ka7 49. b8=Q+ Ka6 50. Qb6# 1-0

[Event "DEM U12/U12w 2013"]
[Site "Oberhof GER"]
[Date "2013.05.19"]
[Round "1"]
[White "von Jan, Lena"]
[Black "Schneider, Jana"]
[Result "0-1"]
[Termination "normal"]
[Board "24"]
[WhiteElo "1285"]
[BlackElo "1644"]
[PlyCount "66"]
[WhiteFideId "12946060"]
[BlackFideId "12924997"]
[EventCountry "GER"]
[EventRounds "11"]
[EventType "swiss"]
[EventDate "2013.05.18"]

1. e4 e5 2. Nf3 Nc6 3. Bb5 a6 4. Ba4 Nf6 5. d3 Bc5 6. c3 b5 7. Bb3 d6 8. O-O
O-O 9. d4 Bb6 10. dxe5 Nxe5 11. Nxe5 dxe5 12. Qxd8 Rxd8 13. Bg5 Rd6 14. Bxf6
gxf6 15. Re1 Bb7 16. Na3 Rd2 17. Rf1 Bxe4 18. Rad1 Rad8 19. h3 c5 20. Rxd2 Rxd2
21. Re1 c4 22. Rxe4 cxb3 23. Rg4+ Kf8 24. axb3 Rxb2 25. b4 Ra2 26. Nxb5 axb5
27. Rh4 Bxf2+ 28. Kh2 Bxh4 29. Kg1 Rf2 30. Kh2 Kg7 31. Kh1 Bg3 32. Kg1 Re2 33.
Kf1 Re1# 0-1

[Event "DEM U12/U12w 2013"]
[Site "Oberhof GER"]
[Date "2013.05.19"]
[Round "1"]
[White "Wolf, Pablo"]
[Black "Lellek, Lewin Louis"]
[Result "0-1"]
[Termination "normal"]
[Board "25"]
[WhiteElo "1506"]
[BlackElo "1276"]
[PlyCount "74"]
[WhiteFideId "12943894"]
[BlackFideId "12971820"]
[EventCountry "GER"]
[EventRounds "11"]
[EventType "swiss"]
[EventDate "2013.05.18"]

1. e4 e5 2. Nc3 Nf6 3. g3 Nc6 4. Bg2 Bc5 5. Nge2 d6 6. h3 Be6 7. O-O Qd7 8. Kh2
O-O-O 9. d3 h6 10. f4 Qe7 11. a3 Bb6 12. b4 d5 13. b5 Nd4 14. fxe5 Ng8 15. exd5
Bd7 16. Nxd4 Bxd4 17. Qf3 Qxe5 18. Bf4 Qf6 19. d6 c6 20. Ne4 Qf5 21. c3 Bb6 22.
a4 Ba5 23. Qd1 Nf6 24. Bg5 Qe5 25. d4 Qe6 26. Nxf6 hxg5 27. Nxd7 Qxd7 28. bxc6
bxc6 29. Qb3 Rxh3+ 30. Bxh3 Rh8 31. g4 Qxd6+ 32. Kg2 Bc7 33. Kf2 Qg3+ 34. Ke2
Re8+ 35. Kd2 Bf4+ 36. Kc2 Re2+ 37. Kb1 Qd3+ 0-1

[Event "DEM U12/U12w 2013"]
[Site "Oberhof GER"]
[Date "2013.05.19"]
[Round "1"]
[White "Arnhold, Steffi"]
[Black "Mantel, Ruben"]
[Result "0-1"]
[Termination "normal"]
[Board "26"]
[WhiteElo "1273"]
[BlackElo "1667"]
[PlyCount "88"]
[WhiteFideId "12931365"]
[BlackFideId "12930121"]
[EventCountry "GER"]
[EventRounds "11"]
[EventType "swiss"]
[EventDate "2013.05.18"]

1. e4 c5 2. Nf3 Nc6 3. d4 cxd4 4. Nxd4 g6 5. Nc3 Bg7 6. Be3 Nf6 7. Bc4 Qa5 8.
O-O d6 9. a3 a6 10. b4 Qc7 11. Bb3 Nxd4 12. Bxd4 e5 13. Nd5 Nxd5 14. Bxe5 Bxe5
15. Bxd5 Bxa1 16. Qxa1 O-O 17. c4 Be6 18. f4 Bxd5 19. cxd5 Rfe8 20. Qd4 Rac8
21. Re1 Qc3 22. Qd1 Rc4 23. e5 Qd4+ 24. Qxd4 Rxd4 25. e6 fxe6 26. dxe6 Rxf4 27.
g3 Rf6 28. e7 Kf7 29. Rc1 Rxe7 30. Rc8 Rd7 31. Rc4 d5 32. Rd4 Ke6 33. a4 Ke5
34. Rd2 d4 35. b5 axb5 36. axb5 d3 37. Rd1 d2 38. b6 Rc6 39. Kf2 Rc1 40. Ke2
Rxd1 41. Kxd1 Ke4 42. g4 Kd3 43. h4 Re7 44. h5 Re1# 0-1

[Event "DEM U12/U12w 2013"]
[Site "Oberhof GER"]
[Date "2013.05.19"]
[Round "1"]
[White "Wong, Gengchun"]
[Black "Flach, Helene"]
[Result "1-0"]
[Termination "normal"]
[Board "27"]
[WhiteElo "1654"]
[BlackElo "1272"]
[PlyCount "89"]
[WhiteFideId "12963283"]
[BlackFideId "12929735"]
[EventCountry "GER"]
[EventRounds "11"]
[EventType "swiss"]
[EventDate "2013.05.18"]

1. e4 e5 2. Nf3 Nc6 3. Bb5 a6 4. Bxc6 dxc6 5. O-O f6 6. d4 Bg4 7. c3 Bd6 8. h3
Bh5 9. Nbd2 Ne7 10. Re1 O-O 11. Qb3+ Bf7 12. Qc2 Ng6 13. Nf1 Qd7 14. dxe5 fxe5
15. Be3 Be6 16. Ng5 Nf4 17. Nxe6 Qxe6 18. Bxf4 Rxf4 19. Re2 Raf8 20. Ng3 Bc5
21. Nh1 Qg6 22. Rd1 Bd6 23. Rde1 R8f6 24. Qb3+ Qf7 25. Qxb7 Bc5 26. Qc8+ Qf8
27. Qxf8+ Rxf8 28. Rd1 Bd6 29. f3 R4f6 30. Nf2 h5 31. Nd3 c5 32. c4 Rg6 33. Kf2
h4 34. Rc2 Rff6 35. Rc3 Rg3 36. Ra3 Rfg6 37. Rg1 Be7 38. Nxe5 Rd6 39. Rd3 Bf6
40. Rxd6 cxd6 41. Nc6 Bxb2 42. Rb1 Bf6 43. Rb6 a5 44. Nxa5 Bd4+ 45. Kf1 1-0

[Event "DEM U12/U12w 2013"]
[Site "Oberhof GER"]
[Date "2013.05.19"]
[Round "1"]
[White "Walow, Xenia"]
[Black "Schirra, Maurice"]
[Result "0-1"]
[Termination "normal"]
[Board "28"]
[WhiteElo "1271"]
[BlackElo "1656"]
[PlyCount "128"]
[WhiteFideId "12971839"]
[BlackFideId "12941115"]
[EventCountry "GER"]
[EventRounds "11"]
[EventType "swiss"]
[EventDate "2013.05.18"]

1. d4 Nf6 2. Nf3 g6 3. g3 Bg7 4. Bg2 O-O 5. O-O d6 6. Bd2 c5 7. c4 cxd4 8. Nxd4
Nfd7 9. Bc3 Ne5 10. b3 Qb6 11. e3 Nbc6 12. Nd2 Bg4 13. Qc2 Nxd4 14. Bxd4 Qc7
15. Rac1 Nc6 16. Bc3 Rad8 17. Rfe1 Qc8 18. Qb2 Bxc3 19. Qxc3 Ne5 20. Ne4 Nf3+
21. Bxf3 Bxf3 22. Ng5 Bc6 23. Qd4 h6 24. Ne4 Qf5 25. Nc3 Qf3 26. e4 Qh5 27. Qd1
Qe5 28. Nd5 Bxd5 29. exd5 Qf6 30. Qd2 Rfe8 31. Qe3 Kh7 32. Qc3 Qxc3 33. Rxc3 b6
34. Rf3 Kg7 35. Rfe3 Rd7 36. Kg2 h5 37. h4 Kf8 38. f3 Rc7 39. Rc1 Rec8 40. Rec3
b5 41. a3 bxc4 42. Rxc4 Rc5 43. Rxc5 Rxc5 44. Rxc5 dxc5 45. Kf2 Ke8 46. Ke3 Kd7
47. Ke4 Kd6 48. g4 e6 49. dxe6 Kxe6 50. g5 Kd6 51. f4 Ke6 52. b4 cxb4 53. axb4
a6 54. Kd4 Kd6 55. Ke4 Ke6 56. Kd4 Kf5 57. Kc5 Kg4 58. Kb6 Kxh4 59. Kxa6 Kg3
60. b5 h4 61. b6 h3 62. b7 h2 63. b8=Q h1=Q 64. Qb2 Qa8+ 0-1

[Event "DEM U12/U12w 2013"]
[Site "Oberhof GER"]
[Date "2013.05.19"]
[Round "1"]
[White "Engel, Johann"]
[Black "Böse, Carolin"]
[Result "1-0"]
[Termination "normal"]
[Board "29"]
[WhiteElo "1650"]
[BlackElo "1263"]
[PlyCount "105"]
[WhiteFideId "12920509"]
[BlackFideId "12929646"]
[EventCountry "GER"]
[EventRounds "11"]
[EventType "swiss"]
[EventDate "2013.05.18"]

1. d4 d5 2. c4 e6 3. Nc3 c5 4. cxd5 exd5 5. Nf3 Nc6 6. Bf4 Nf6 7. e3 Bf5 8. Bb5
Qb6 9. O-O a6 10. dxc5 Qxc5 11. Bd3 Bxd3 12. Qxd3 Be7 13. Rfd1 Rd8 14. Rd2 h6
15. Rad1 O-O 16. Qe2 Rd7 17. Ne5 Rdd8 18. a3 Rfe8 19. Qf3 d4 20. Nxc6 bxc6 21.
Rxd4 Qb6 22. Qe2 c5 23. Rxd8 Rxd8 24. Rxd8+ Bxd8 25. Qd2 Qa5 26. g3 Bc7 27.
Bxc7 Qxc7 28. Nd5 Nxd5 29. Qxd5 Qb6 30. b3 g6 31. Qc4 Qb5 32. Qxb5 axb5 33. Kf1
Kf8 34. a4 c4 35. Ke2 cxb3 36. Kd3 bxa4 37. Kc3 Ke7 38. e4 Ke6 39. f4 f6 40. h3
f5 41. e5 h5 42. Kb2 g5 43. h4 gxf4 44. gxf4 Kd5 45. Kc3 Kc5 46. Kb2 Kb4 47. e6
a3+ 48. Kb1 a2+ 49. Kb2 Kc4 50. e7 Kd3 51. e8=Q a1=Q+ 52. Kxa1 Kc2 53. Qc6+ 1-0

[Event "DEM U12/U12w 2013"]
[Site "Oberhof GER"]
[Date "2013.05.19"]
[Round "1"]
[White "Schulze, Nick"]
[Black "Hoffmann, Fabian"]
[Result "0-1"]
[Termination "normal"]
[Board "30"]
[WhiteElo "1257"]
[BlackElo "1650"]
[PlyCount "96"]
[WhiteFideId "12971847"]
[BlackFideId "12964891"]
[EventCountry "GER"]
[EventRounds "11"]
[EventType "swiss"]
[EventDate "2013.05.18"]

1. d4 d5 2. Nf3 Nf6 3. e3 e6 4. Nbd2 Nbd7 5. b3 Be7 6. Bb2 O-O 7. Bd3 b6 8. O-O
Bb7 9. c4 c5 10. Qc2 h6 11. Rac1 Rc8 12. Rfe1 dxc4 13. bxc4 b5 14. Qb1 bxc4 15.
Bxc4 Nb6 16. Be2 cxd4 17. Bxd4 Nfd5 18. Rxc8 Bxc8 19. Rd1 Bb7 20. Bxb6 Qxb6 21.
Qxb6 axb6 22. Rc1 Ra8 23. e4 Nf4 24. Bf1 Bc5 25. Nb3 Rxa2 26. Nxc5 bxc5 27. e5
Ba6 28. g3 Bxf1 29. gxf4 Be2 30. Ne1 c4 31. Ng2 Kf8 32. Ne3 Ra4 33. f5 exf5 34.
Nxf5 Bd3 35. Ne3 Ke7 36. f4 Kd7 37. Nd5 Kc6 38. Ne3 Kc5 39. Nd1 Kd4 40. Kf2
Ra2+ 41. Kg3 h5 42. h4 Ra3 43. Kf2 c3 44. Ne3 Ra2+ 45. Kf3 Be4+ 46. Kg3 Kxe3
47. Rxc3+ Kd4 48. Rc7 Bd5 0-1

[Event "DEM U12/U12w 2013"]
[Site "Oberhof GER"]
[Date "2013.05.19"]
[Round "1"]
[White "Ott, Josef Sebastian"]
[Black "Merker, Vivien"]
[Result "1-0"]
[Termination "normal"]
[Board "31"]
[WhiteElo "1600"]
[BlackElo "1255"]
[PlyCount "123"]
[WhiteFideId "12952079"]
[BlackFideId "12927260"]
[EventCountry "GER"]
[EventRounds "11"]
[EventType "swiss"]
[EventDate "2013.05.18"]

1. e4 c5 2. Nc3 g6 3. f4 Bg7 4. Nf3 Nc6 5. Bc4 e6 6. d3 Nge7 7. O-O O-O 8. Qe1
a6 9. Qh4 d5 10. Bb3 Nd4 11. Rf2 Nec6 12. Qxd8 Rxd8 13. exd5 exd5 14. a3 Nxb3
15. cxb3 Nd4 16. b4 cxb4 17. axb4 Bf5 18. Bd2 Bxd3 19. Ne5 Bf5 20. Ra5 Nc6 21.
Rxd5 Rxd5 22. Nxd5 Nxe5 23. fxe5 Bxe5 24. Ne7+ Kf8 25. Nxf5 gxf5 26. Rxf5 Bxb2
27. Rd5 Ke8 28. Rh5 Rd8 29. Be1 Rd6 30. Rxh7 Rf6 31. h3 Bd4+ 32. Kh2 Rf1 33.
Bg3 b6 34. Bc7 Kd7 35. Bb8 a5 36. bxa5 bxa5 37. Rh5 Bg1+ 38. Kg3 a4 39. Ra5 Ra1
40. h4 a3 41. Be5 Ra2 42. h5 Bb6 43. h6 Bxa5 44. h7 Be1+ 45. Kh2 Bb4 46. h8=Q
Bd6 47. Qh3+ Ke7 48. Qh4+ Kd7 49. Qg4+ Ke7 50. Bxd6+ Kxd6 51. Qc4 Ra1 52. Qd4+
Ke7 53. Qxa1 a2 54. Qxa2 Kf8 55. Qa6 Ke7 56. Kg3 Kd7 57. Kf4 Ke7 58. Ke5 Kd7
59. Qb7+ Ke8 60. Kf6 Kd8 61. g4 Ke8 62. Qe7# 1-0

[Event "DEM U12/U12w 2013"]
[Site "Oberhof GER"]
[Date "2013.05.19"]
[Round "1"]
[White "Mönster, Madita"]
[Black "Simon, Tim"]
[Result "1-0"]
[Termination "normal"]
[Board "32"]
[WhiteElo "1503"]
[BlackElo "1640"]
[PlyCount "79"]
[WhiteFideId "12947156"]
[BlackFideId "12971740"]
[EventCountry "GER"]
[EventRounds "11"]
[EventType "swiss"]
[EventDate "2013.05.18"]

1. e4 e6 2. Nf3 d5 3. Nc3 Nf6 4. e5 Nfd7 5. d4 c5 6. dxc5 Bxc5 7. Bd3 O-O 8.
Bxh7+ Kh8 9. Bd3 f6 10. exf6 Nxf6 11. O-O Nc6 12. Bf4 Qe8 13. Ne5 Nxe5 14. Bxe5
Bd7 15. Qf3 Qh5 16. Qg3 Ng4 17. Bxg7+ Kxg7 18. h3 Rxf2 19. Kh1 Rh8 20. Be2 e5
21. Bxg4 Qxg4 22. Qxe5+ Kg8 23. Qxh8+ Kxh8 24. hxg4 Rxc2 25. g5 Rxb2 26. Rab1
Rxb1 27. Rxb1 Bc6 28. Rd1 d4 29. Ne2 d3 30. Rxd3 Bb5 31. Rd5 b6 32. Re5 Kg7 33.
Nc3 Bc6 34. Ne2 Bb5 35. Nf4 Bd7 36. Ne6+ Bxe6 37. Rxe6 Kf7 38. Re5 Kg6 39. g3
Bd6 40. Re6+ 1-0

[Event "DEM U12/U12w 2013"]
[Site "Oberhof GER"]
[Date "2013.05.19"]
[Round "1"]
[White "Wong, Kar Yan"]
[Black "Perekhozhuk, Maksym"]
[Result "0-1"]
[Termination "normal"]
[Board "34"]
[WhiteElo "1189"]
[BlackElo "1749"]
[PlyCount "86"]
[WhiteFideId "12971855"]
[BlackFideId "12914860"]
[EventCountry "GER"]
[EventRounds "11"]
[EventType "swiss"]
[EventDate "2013.05.18"]

1. e4 c5 2. Nf3 d6 3. d4 cxd4 4. Nxd4 Nf6 5. Nc3 g6 6. Be3 Bg7 7. Bc4 O-O 8. f3
Nc6 9. Qd2 Bd7 10. O-O-O Rc8 11. Bb3 Nxd4 12. Bxd4 b5 13. g4 a5 14. a3 b4 15.
axb4 axb4 16. Na2 Ra8 17. h4 Be6 18. Qxb4 Qd7 19. Bxe6 Qxe6 20. Nc3 Rfb8 21.
Nb5 Qd7 22. c4 Qc6 23. Kb1 Qa6 24. Qa3 Qxa3 25. bxa3 Rxa3 26. Rhf1 Ra4 27. Rc1
Rb4+ 28. Ka2 Ra8+ 29. Na3 Rba4 30. Rc3 Nxe4 31. fxe4 Bxd4 32. Rd3 Bc5 33. Rff3
Rxc4 34. h5 Rxe4 35. hxg6 hxg6 36. g5 Re5 37. Rg3 Bxa3 38. Rxa3 Rxa3+ 39. Rxa3
Rxg5 40. Ra8+ Kg7 41. Ra7 Kf6 42. Kb3 Rc5 43. Ra4 e5 0-1

[Event "DEM U12/U12w 2013"]
[Site "Oberhof GER"]
[Date "2013.05.19"]
[Round "1"]
[White "Kölz, Niklas"]
[Black "Bürmann, Theresia"]
[Result "0-1"]
[Termination "normal"]
[Board "35"]
[WhiteElo "1629"]
[BlackElo "1187"]
[PlyCount "146"]
[WhiteFideId "12971758"]
[BlackFideId "12960241"]
[EventCountry "GER"]
[EventRounds "11"]
[EventType "swiss"]
[EventDate "2013.05.18"]

1. e4 e5 2. Nf3 Nc6 3. Bb5 a6 4. Ba4 b5 5. Bb3 Bc5 6. O-O Nf6 7. Re1 O-O 8. c3
d6 9. h3 Re8 10. d3 h6 11. Be3 a5 12. Nbd2 Bb7 13. Nf1 Qe7 14. Bxc5 dxc5 15.
Ne3 Rad8 16. Nd5 Qd6 17. Nh4 g6 18. Re3 a4 19. Nxf6+ Qxf6 20. Rf3 Qxh4 21.
Bxf7+ Kg7 22. Bxe8 Rxe8 23. Qe2 b4 24. Qe3 Qe7 25. Rg3 Rd8 26. Kf1 Ba6 27. Rd1
c4 28. Qf3 Rxd3 29. Rxd3 cxd3 30. Ke1 a3 31. Qg4 g5 32. Qd1 axb2 33. c4 Bxc4
34. Qb1 Qd6 35. Qxb2 Nd4 36. Kd2 Qb6 37. h4 Kg6 38. hxg5 hxg5 39. Rh3 Qa5 40.
Kc1 Qc5 41. Kd1 b3 42. axb3 Bxb3+ 43. Kd2 Qc2+ 44. Qxc2 dxc2 45. Re3 c5 46. Re1
c4 47. Ra1 g4 48. Re1 Kg5 49. Ke3 Ba2 50. Rc1 Bb1 51. f4+ Kf6 52. Rh1 Nb3 53.
fxe5+ Kxe5 54. Rh5+ Kf6 55. Rf5+ Ke6 56. Rf1 c1=Q+ 57. Rxc1 Nxc1 58. Kd4 Ne2+
59. Kxc4 Bxe4 60. g3 Nxg3 61. Kd4 Kf5 62. Ke3 Bh1 63. Kf2 Kf4 64. Kg1 Ba8 65.
Kh2 Nh5 66. Kg1 g3 67. Kf1 Kf3 68. Kg1 g2 69. Kh2 Kf2 70. Kh3 g1=Q 71. Kh4 Qg3+
72. Kxh5 Kf3 73. Kh6 Kf4 0-1

[Event "DEM U12/U12w 2013"]
[Site "Oberhof GER"]
[Date "2013.05.19"]
[Round "1"]
[White "Bureik, Nicolas"]
[Black "Enache, Rares"]
[Result "0-1"]
[Termination "normal"]
[Board "36"]
[WhiteElo "1183"]
[BlackElo "1628"]
[PlyCount "70"]
[WhiteFideId "12971863"]
[BlackFideId "12976440"]
[EventCountry "GER"]
[EventRounds "11"]
[EventType "swiss"]
[EventDate "2013.05.18"]

1. d4 f5 2. e4 fxe4 3. Nc3 Nf6 4. Bg5 Nc6 5. Bxf6 exf6 6. Nxe4 Qe7 7. Qe2 Nxd4
8. Qd3 Nxc2+ 9. Qxc2 f5 10. O-O-O Qxe4 11. Qxc7 Qc6+ 12. Qxc6 dxc6 13. Re1+ Kd8
14. Nf3 Bc5 15. Ng5 Kc7 16. Ne6+ Bxe6 17. Rxe6 Rhe8 18. Rxe8 Rxe8 19. f3 Be3+
20. Kc2 Kb6 21. Bd3 g6 22. Re1 Kc5 23. f4 Kd6 24. Bxf5 gxf5 25. Kd3 Re4 26.
Rxe3 Rxf4 27. Rf3 Rxf3+ 28. gxf3 Ke5 29. Ke3 f4+ 30. Ke2 Kd4 31. Kd2 a5 32. h4
h5 33. b3 b5 34. a3 b4 35. a4 c5 0-1

[Event "DEM U12/U12w 2013"]
[Site "Oberhof GER"]
[Date "2013.05.19"]
[Round "1"]
[White "Meyling, Lennart"]
[Black "Watzlawik, Lee David"]
[Result "0-1"]
[Termination "normal"]
[Board "37"]
[WhiteElo "1628"]
[BlackElo "1170"]
[PlyCount "76"]
[WhiteFideId "12947130"]
[BlackFideId "1270474"]
[EventCountry "GER"]
[EventRounds "11"]
[EventType "swiss"]
[EventDate "2013.05.18"]

1. e4 e6 2. d4 d5 3. Nc3 Bb4 4. exd5 Qxd5 5. Qg4 Bxc3+ 6. bxc3 g6 7. Nf3 Nf6 8.
Qf4 Qe4+ 9. Be2 Qxf4 10. Bxf4 Nd5 11. Bd2 Bd7 12. c4 Nb6 13. Bc3 Na4 14. Bb4
Nc6 15. Ba3 Nb6 16. d5 exd5 17. cxd5 Nxd5 18. O-O O-O-O 19. Ng5 Ne5 20. Bb2
Rhe8 21. f4 Nc6 22. Bc4 Ne3 23. Bxf7 Nxf1 24. Bxe8 Rxe8 25. Kxf1 h6 26. Nf3 Bf5
27. Rc1 Nb4 28. Nd4 Nxa2 29. Ra1 Nb4 30. Rxa7 Bxc2 31. Ra8+ Kd7 32. Ra7 b6 33.
Kg1 Re1+ 34. Kf2 Nd3+ 35. Kf3 Bd1+ 36. Kg3 Nxb2 37. Nb5 Re3+ 38. Kh4 g5+ 0-1

[Event "DEM U12/U12w 2013"]
[Site "Oberhof GER"]
[Date "2013.05.19"]
[Round "1"]
[White "Reif, Karla"]
[Black "Reimers, Kim"]
[Result "0-1"]
[Termination "normal"]
[Board "38"]
[WhiteElo "1165"]
[BlackElo "1603"]
[PlyCount "64"]
[WhiteFideId "12971871"]
[BlackFideId "12930377"]
[EventCountry "GER"]
[EventRounds "11"]
[EventType "swiss"]
[EventDate "2013.05.18"]

1. e4 d5 2. Nc3 Nf6 3. e5 Nfd7 4. d4 e6 5. Nce2 c5 6. c3 Nc6 7. Nf3 Qb6 8. b3
cxd4 9. cxd4 Bb4+ 10. Bd2 Qa5 11. Bxb4 Qxb4+ 12. Qd2 Qxd2+ 13. Nxd2 Nb4 14. Rc1
Nd3+ 15. Kd1 Nxf2+ 16. Ke1 Nd3+ 17. Kd1 Nxc1 18. Nxc1 a6 19. Bd3 f6 20. exf6
Nxf6 21. Nf3 O-O 22. Ng5 g6 23. Ne2 Ng4 24. Nh3 e5 25. Ke1 e4 26. Bc2 Ne3 27.
Kd2 Nxg2 28. b4 Bxh3 29. Bb3 Be6 30. Rc1 e3+ 31. Kd3 Rac8 32. Rg1 Bf5# 0-1

[Event "DEM U12/U12w 2013"]
[Site "Oberhof GER"]
[Date "2013.05.19"]
[Round "1"]
[White "Biastoch, Bennet"]
[Black "Grey, Andrea"]
[Result "1-0"]
[Termination "normal"]
[Board "39"]
[WhiteElo "1676"]
[BlackElo "1157"]
[PlyCount "57"]
[WhiteFideId "12939889"]
[BlackFideId "12971880"]
[EventCountry "GER"]
[EventRounds "11"]
[EventType "swiss"]
[EventDate "2013.05.18"]

1. e4 c5 2. Nf3 Nc6 3. d4 cxd4 4. Nxd4 g6 5. Nc3 Bg7 6. Be3 a6 7. Qd2 Nf6 8. f3
d6 9. O-O-O Bd7 10. g4 b5 11. h4 b4 12. Nce2 a5 13. h5 Rc8 14. hxg6 fxg6 15.
Bh6 Bxh6 16. Qxh6 Qc7 17. Nb5 Qb6 18. Ng3 Ne5 19. Nd4 Qc7 20. Rd2 Qb7 21. g5
Nf7 22. Qh4 Ng8 23. f4 e6 24. Bh3 Ke7 25. Rf1 e5 26. fxe5 dxe5 27. Bxd7 Rd8 28.
Nc6+ Kf8 29. Nxd8 1-0

[Event "DEM U12/U12w 2013"]
[Site "Oberhof GER"]
[Date "2013.05.19"]
[Round "1"]
[White "Schumacher, Ole"]
[Black "Köhler, Inken"]
[Result "1-0"]
[Termination "normal"]
[Board "40"]
[WhiteElo "1120"]
[BlackElo "1527"]
[PlyCount "41"]
[WhiteFideId "12971898"]
[BlackFideId "12929301"]
[EventCountry "GER"]
[EventRounds "11"]
[EventType "swiss"]
[EventDate "2013.05.18"]

1. d4 d5 2. c4 c6 3. Nf3 Nf6 4. Nc3 dxc4 5. a4 Bf5 6. Bf4 e6 7. e3 Nd5 8. Bg3
Bb4 9. Rc1 Qa5 10. Bxc4 Nxc3 11. bxc3 Bxc3+ 12. Nd2 Bxd2+ 13. Qxd2 Qxa4 14. O-O
Nd7 15. Qb2 Nb6 16. Bb3 Qb5 17. Rc5 Qb4 18. Bd6 Na4 19. Rc4 Qxc4 20. Bxa4 Qxa4
21. Qxb7 1-0

[Event "DEM U12/U12w 2013"]
[Site "Oberhof GER"]
[Date "2013.05.19"]
[Round "1"]
[White "Vuckovic, Zarko"]
[Black "Reitz, Theresa"]
[Result "1-0"]
[Termination "normal"]
[Board "41"]
[WhiteElo "1722"]
[BlackElo "1113"]
[PlyCount "105"]
[WhiteFideId "12952087"]
[BlackFideId "12971901"]
[EventCountry "GER"]
[EventRounds "11"]
[EventType "swiss"]
[EventDate "2013.05.18"]

1. e4 e5 2. Nf3 Nc6 3. d4 exd4 4. Bc4 Bc5 5. c3 dxc3 6. Bxf7+ Kxf7 7. Qd5+ Ke8
8. Qh5+ g6 9. Qxc5 cxb2 10. Bxb2 Nf6 11. e5 Nh5 12. O-O Rf8 13. Nbd2 d6 14.
exd6 Qxd6 15. Rae1+ Kd8 16. Qg5+ Ne7 17. Nc4 Qb4 18. Ba3 h6 19. Bxb4 hxg5 20.
Bxe7+ Ke8 21. Bc5+ Kf7 22. Nxg5+ Kg8 23. Bxf8 Kxf8 24. Ne6+ Bxe6 25. Rxe6 Kf7
26. Rfe1 Rc8 27. g3 Ng7 28. Re7+ Kf8 29. g4 b5 30. Nd2 a5 31. Nf3 c5 32. Rb7 b4
33. Ra7 c4 34. Rxa5 c3 35. Nd4 Rc4 36. Nc2 Rxg4+ 37. Kf1 Kf7 38. Rb5 Rh4 39.
Kg2 Rc4 40. Rxb4 Rxb4 41. Nxb4 Nf5 42. Rc1 Nh4+ 43. Kh3 Nf3 44. Rxc3 Ne5 45.
Nc6 Nd7 46. a4 Nb6 47. a5 Na8 48. Nb8 Ke7 49. Na6 Kd8 50. Kg4 Ke7 51. Nc7 Nxc7
52. Rxc7+ Kf6 53. a6 1-0

[Event "DEM U12/U12w 2013"]
[Site "Oberhof GER"]
[Date "2013.05.19"]
[Round "1"]
[White "Voß, Henrike"]
[Black "Rieß, Alexander"]
[Result "0-1"]
[Termination "normal"]
[Board "42"]
[WhiteElo "1063"]
[BlackElo "1605"]
[PlyCount "62"]
[WhiteFideId "12971910"]
[BlackFideId "12953326"]
[EventCountry "GER"]
[EventRounds "11"]
[EventType "swiss"]
[EventDate "2013.05.18"]

1. e4 c6 2. d4 d5 3. exd5 cxd5 4. Nc3 Nc6 5. Nf3 Nf6 6. Ne5 e6 7. Bb5 Qc7 8.
Bf4 Bd6 9. Bg3 O-O 10. Nxc6 bxc6 11. Bxd6 Qxd6 12. Bd3 c5 13. Nb5 Qb6 14. dxc5
Qxc5 15. c3 e5 16. b4 Qc6 17. Qc2 a6 18. Na3 Bb7 19. f3 Rac8 20. Rc1 Qb6 21.
Qd2 Rfd8 22. Ke2 e4 23. Bb1 exf3+ 24. gxf3 Re8+ 25. Kf1 d4 26. Qg2 Rxc3 27.
Rxc3 dxc3 28. Nc4 Qxb4 29. Bd3 c2 30. Kf2 Qc5+ 31. Kg3 Nh5+ 0-1

[Event "DEM U12/U12w 2013"]
[Site "Oberhof GER"]
[Date "2013.05.19"]
[Round "1"]
[White "Acikel, Mert"]
[Black "Recktenwald, Cedric"]
[Result "1-0"]
[Termination "normal"]
[Board "43"]
[WhiteElo "1727"]
[BlackElo "1042"]
[PlyCount "85"]
[WhiteFideId "12956465"]
[BlackFideId "12971928"]
[EventCountry "GER"]
[EventRounds "11"]
[EventType "swiss"]
[EventDate "2013.05.18"]

1. e4 e5 2. Nf3 Nc6 3. Bc4 Nf6 4. d4 exd4 5. O-O Nxe4 6. Re1 d5 7. Bxd5 Qxd5 8.
Nc3 Qa5 9. Nxe4 Be6 10. Neg5 O-O-O 11. Nxe6 fxe6 12. Rxe6 Bd6 13. Ng5 Qf5 14.
g4 Qf8 15. Qe2 Re8 16. Bd2 h6 17. Re1 Re7 18. Rxe7 Qxe7 19. Qxe7 Bxe7 20. Ne6
g5 21. Kg2 Kd7 22. Ng7 Bf6 23. Nf5 Ne7 24. Nxe7 Bxe7 25. Re5 Bd6 26. Rf5 Ke6
27. h4 gxh4 28. Rh5 Be7 29. Rxh6+ Rxh6 30. Bxh6 Kf6 31. Kh3 c5 32. Bd2 Kg6 33.
f4 c4 34. f5+ Kf7 35. g5 a5 36. Kxh4 Bb4 37. c3 dxc3 38. bxc3 Be7 39. Kh5 b5
40. Kh6 Bf8+ 41. Kh7 b4 42. cxb4 axb4 43. Bxb4 1-0

[Event "DEM U12/U12w 2013"]
[Site "Oberhof GER"]
[Date "2013.05.19"]
[Round "1"]
[White "Christiansen, Sarah"]
[Black "Liebeck, Eddie"]
[Result "0-1"]
[Termination "normal"]
[Board "44"]
[WhiteElo "1014"]
[BlackElo "1726"]
[PlyCount "94"]
[WhiteFideId "12971936"]
[BlackFideId "12945854"]
[EventCountry "GER"]
[EventRounds "11"]
[EventType "swiss"]
[EventDate "2013.05.18"]

1. e4 c6 2. Nc3 d5 3. Nf3 Bg4 4. Be2 e6 5. d4 Nd7 6. Be3 Bb4 7. O-O Bxc3 8.
bxc3 dxe4 9. Nd2 Bxe2 10. Qxe2 f5 11. Rab1 Qc7 12. g3 Nb6 13. Nc4 Nd5 14. Bd2
Ngf6 15. Ne3 Nxe3 16. fxe3 g5 17. Qc4 Nd5 18. Qb3 Rb8 19. c4 Nf6 20. Bc3 Rf8
21. d5 cxd5 22. cxd5 Nxd5 23. Bb4 Rf7 24. Ba3 a6 25. Qb2 Qc3 26. Qxc3 Nxc3 27.
Rb2 Nb5 28. Bb4 Rc8 29. Be1 Rfc7 30. c3 Nd6 31. Rc2 Nc4 32. Bf2 b5 33. Rb1 Na3
34. Rbc1 Nxc2 35. Rxc2 g4 36. h3 h5 37. hxg4 hxg4 38. Be1 b4 39. c4 Rxc4 40.
Rb2 Rc1 41. Kf1 Ra1 42. Rxb4 Rcc1 43. Rb8+ Kd7 44. Rb7+ Kc6 45. Rh7 Rxe1+ 46.
Kf2 Reb1 47. Ke2 Rxa2# 0-1